[Event "WA Open"]
[Site "Redmond, WA"]
[Date "2010.05.31"]
[Round "6"]
[White "Rupel, David"]
[Black "Malugu, Satyajit"]
[Result "1-0"]
[WhiteElo "2119"]
[BlackElo "2210"]
[Annotator "Rupel"]
[PlyCount "81"]
[EventDate "2010.05.31"]
[EventCountry "USA"]
[SourceDate "2010.05.29"]

{It appears I won a share of 1st u-2150. I consider this one of my best in
awhile.} 1. d4 Nf6 2. c4 g6 3. Nc3 Bg7 4. e4 d6 5. Nge2 O-O 6. Ng3 e5 7. d5 c6
8. Be2 Ne8 9. Bg4 {!?} f5 10. exf5 gxf5 11. Bh3 Qh4 12. Qh5 Qxh5 13. Nxh5 Nd7
14. Bg5 Bh8 15. O-O-O c5 16. Ng3 Nb6 17. b3 Rf7 18. Bd2 Bd7 19. f3 Nc7 20. Nge2
a5 21. a4 Na6 22. g4 {!} Nb4 23. Bh6 Bg7 24. Bxg7 Kxg7 25. Rhg1 fxg4 26. Bxg4
Bxg4 27. Rxg4+ Kf8 28. Rg3 Nd7 29. Ne4 Ke7 30. Ng5 Rg7 31. Ne6 Rf7 32. Kd2 Nf8
33. Ng5 Rf6 34. Rdg1 Rh6 35. R1g2 Re8 36. f4 Kd7 37. fxe5 dxe5 38. Ne4 b6 39.
Rf2 {+-} Kd8 40. Nf6 Re7 41. Ng8 1-0

[Event "WA Open"]
[Site "Redmond, WA"]
[Date "2010.05.31"]
[Round "6"]
[White "Watts, Peter"]
[Black "Greninger, Harley"]
[Result "1/2-1/2"]
[WhiteElo "1947"]
[BlackElo "2220"]
[PlyCount "81"]
[EventDate "2010.05.31"]
[EventCountry "USA"]
[SourceDate "2010.05.29"]

1. c4 c6 2. d4 d5 3. e4 dxe4 4. Nc3 Bf5 5. f3 e3 6. Bxe3 e6 7. Qb3 Qb6 8. c5
Qxb3 9. axb3 Nf6 10. b4 Be7 11. b5 O-O 12. b4 cxb5 13. Bxb5 Nc6 14. g4 Bg6 (
14... Nxb4 {[Rybka]}) 15. g5 Nd5 16. Nxd5 exd5 17. Bxc6 bxc6 18. Ra6 Bd3 19.
Ra3 ({if} 19. Rxc6 Bb5 20. Rc7 Bd8) 19... Bc4 20. Kd2 Rfb8 21. Kc3 a5 22. bxa5
Bd8 23. Nh3 Bxa5+ 24. Kc2 Bb4 25. Rxa8 Rxa8 26. Rb1 Ra2+ 27. Rb2 Bd3+ 28. Kb3
Rxb2+ 29. Kxb2 Be2 30. f4 g6 31. Kc2 Kf8 (31... Ba5 32. Bd2 Bc7 {[Rybka]}) 32.
Bd2 Bg4 33. Ng1 Bxd2 34. Kxd2 f5 35. gxf6 Kf7 36. f5 gxf5 37. h3 Bh5 38. Ke3
Kxf6 39. Kf4 Bd1 40. h4 Bg4 41. Nf3 1/2-1/2

[Event "WA Open Premier"]
[Site "Redmond, WA"]
[Date "2010.05.30"]
[Round "1"]
[White "Ackerman, Ryan"]
[Black "Dietsch, Kris"]
[Result "1-0"]
[WhiteElo "1781"]
[BlackElo "1875"]
[PlyCount "68"]
[EventDate "2010.05.31"]
[EventCountry "USA"]
[SourceDate "2010.05.29"]

1. d4 d5 2. c4 e5 3. dxe5 d4 4. Nf3 Nc6 5. g3 Bf5 6. Bg2 Qd7 7. O-O Bh3 8. a3
Bxg2 9. Kxg2 Nge7 10. b4 Ng6 11. Bb2 Rd8 12. b5 Ncxe5 13. Nxd4 Nxc4 14. Bc3 Bc5
15. e3 O-O 16. Nd2 Bxd4 17. Bxd4 Nxd2 18. Qxd2 Qxb5 19. Qc3 f6 20. Rab1 Qd5+
21. Kg1 Rd7 22. Rfd1 Rfd8 23. Bxa7 Qxd1+ 24. Rxd1 Rxd1+ 25. Kg2 R1d7 26. Qb3+
Kh8 27. Qxb7 h6 28. Bc5 Ne5 29. a4 c6 30. Qb6 Rd2 31. e4 R8d3 32. Kh3 Nf3 33.
Be3 Rc2 34. a5 Ra3 {remaining moves not recorded} ({or} 34... Ra2 {
may have been played}) 1-0

[Event "WA Open Premier"]
[Site "Redmond, WA"]
[Date "2010.05.29"]
[Round "1"]
[White "Fields, Noah"]
[Black "Fagundes, Frank"]
[Result "1-0"]
[WhiteElo "1573"]
[BlackElo "1765"]
[PlyCount "103"]
[EventDate "2010.05.31"]
[EventCountry "USA"]
[SourceDate "2010.05.29"]

1. e4 c5 2. Nf3 d6 3. d4 cxd4 4. Nxd4 Nf6 5. Nc3 a6 6. f3 Nc6 7. Be3 e5 8. Nb3
Be6 9. Nd5 Bxd5 10. exd5 Na5 11. c4 Rc8 12. Nd2 b5 13. cxb5 Nxd5 14. Bf2 Be7
15. bxa6 O-O 16. Be2 Bg5 17. O-O Ne3 18. Bxe3 Bxe3+ 19. Kh1 d5 20. Bd3 Qg5 21.
Nb3 Nc4 22. Qe2 Nd6 23. Rfe1 d4 24. Rad1 Rc7 25. Nd2 f5 26. Nf1 e4 27. Nxe3
dxe3 28. Bb1 exf3 29. Qxf3 Nc4 30. b3 Nd2 31. Qxe3 Qxe3 32. Rxe3 Nxb1 33. Rxb1
Rf6 34. a4 Rxa6 35. Kg1 Rc2 36. Kf1 Kf7 37. Rf3 Kf6 38. Rf2 Rc3 39. Ke1 Re6+
40. Kd2 Ree3 41. b4 Rcd3+ 42. Kc2 Rc3+ 43. Kd1 Ke5 44. a5 Rb3 45. Rfb2 Rbd3+
46. Rd2 Rb3 47. Rbb2 Rxb2 48. Rxb2 Kd5 ({or} 48... Kd6) 49. b5 Re7 50. a6 Ra7
51. b6 Rxa6 52. b7 1-0

[Event "WA Open Premier"]
[Site "Redmond, WA"]
[Date "2010.05.29"]
[Round "1"]
[White "Saidy, Jawid"]
[Black "Brendemihl, Steven"]
[Result "0-1"]
[WhiteElo "1786"]
[BlackElo "1646"]
[PlyCount "73"]
[EventDate "2010.05.31"]
[EventCountry "USA"]
[SourceDate "2010.05.29"]

1. e4 c5 2. Nf3 g6 3. d4 cxd4 4. Qxd4 Nf6 5. e5 Nc6 6. Qa4 Nd5 7. Nc3 Nxc3 8.
bxc3 Bg7 9. Bb5 O-O 10. Bxc6 dxc6 11. O-O Qc7 12. Ba3 Re8 13. Rfe1 b6 14. Rad1
Be6 15. Bc1 Bd5 16. Bf4 Qb7 17. Ng5 f6 18. exf6 Bxf6 19. Ne6 Bxe6 20. Rxe6 Rad8
21. Rde1 Rc8 22. Be5 Qd7 23. Qg4 Kg7 24. Bd4 c5 25. Be3 Rc7 26. Bf4 Rcc8 27.
Qe2 Rf8 28. Qe3 Rf7 29. Qh3 Kg8 30. Be5 Rd8 31. g3 Bxe5 32. R1xe5 Qd1+ 33. Re1
Qxc2 34. Qg2 Qxa2 35. Qe4 Qxf2+ 36. Kh1 Rd2 37. Rxg6+ 0-1

[Event "WA Open Premier"]
[Site "Redmond, WA"]
[Date "2010.05.29"]
[Round "1"]
[White "Severson, Kenneth"]
[Black "Rhoades, Alan"]
[Result "1-0"]
[WhiteElo "1813"]
[BlackElo "1709"]
[PlyCount "31"]
[EventDate "2010.05.31"]
[EventCountry "USA"]
[SourceDate "2010.05.29"]

1. d4 Nf6 2. c4 e6 3. Nf3 b6 4. Nc3 Ba6 5. e4 Bb4 6. Qc2 d5 7. Qa4+ Nfd7 8.
Qxb4 c5 9. Qa4 O-O 10. cxd5 Bxf1 11. Kxf1 exd5 12. exd5 cxd4 13. Qxd4 h6 14. b3
Nf6 15. Bb2 Na6 16. Ne4 1-0

[Event "WA Open Premier"]
[Site "Redmond, WA"]
[Date "2010.05.29"]
[Round "1"]
[White "Shear, Tom"]
[Black "Zarate, Christian"]
[Result "0-1"]
[WhiteElo "1732"]
[BlackElo "1874"]
[PlyCount "52"]
[EventDate "2010.05.31"]
[EventCountry "USA"]
[SourceDate "2010.05.29"]

1. e4 c5 2. d4 cxd4 3. Nf3 d6 4. c3 dxc3 5. Nxc3 e6 6. Bc4 Be7 7. O-O Nf6 8.
Qe2 O-O 9. Rd1 Ne8 10. Bf4 Nd7 11. Rac1 a6 12. a4 Qa5 13. Nd4 Nc5 14. b3 e5 15.
Nf5 Bxf5 16. exf5 Nf6 17. Bg5 Ncd7 18. f4 Rae8 19. Nd5 Nxd5 20. Rxd5 Qb6+ 21.
Kh1 h6 22. Bxe7 Rxe7 23. Rcd1 Rfe8 24. Rxd6 exf4 25. Qf3 Qc7 26. Qxf4 Re1+ 0-1

[Event "WA Open Premier"]
[Site "Redmond, WA"]
[Date "2010.05.30"]
[Round "1"]
[White "Viswanathan, Abinav"]
[Black "Buck, Stephen J"]
[Result "0-1"]
[WhiteElo "1665"]
[BlackElo "1790"]
[PlyCount "78"]
[EventDate "2010.05.31"]
[EventCountry "USA"]
[SourceDate "2010.05.29"]

1. e4 c5 2. b3 Nf6 3. e5 Nd5 4. c4 Nc7 5. Bb2 e6 6. Nf3 Nc6 7. Bd3 Be7 8. O-O
O-O 9. Bc2 Nb4 10. Re1 Nxc2 11. Qxc2 d5 12. d4 cxd4 13. Nxd4 dxc4 14. Qxc4 Nd5
15. Nc3 Nxc3 16. Qxc3 Bd7 17. Qf3 Qb6 18. Rad1 Rad8 19. Qg3 Bc6 20. Nxc6 Qxc6
21. Qc3 Qb6 22. Qf3 Qa6 23. a4 b6 24. h3 Bc5 25. Re4 Qb7 26. Rd3 Qe7 27. Rg4
Rxd3 28. Qxd3 Rd8 29. Qg3 g6 30. Bc3 Qd7 31. Rf4 Qd1+ 32. Kh2 Qxb3 33. Qg5 Qd5
34. Rf3 Bd4 35. Qf6 Rd7 36. Rd3 Qxe5+ 37. Qxe5 Bxe5+ 38. Kg1 Rxd3 39. Bxe5 Ra3
0-1

[Event "WA Open Premier"]
[Site "Redmond, WA"]
[Date "2010.05.29"]
[Round "1"]
[White "Williams, Antonio"]
[Black "Ambler, Dennis"]
[Result "0-1"]
[WhiteElo "1365"]
[BlackElo "1762"]
[PlyCount "60"]
[EventDate "2010.05.31"]
[EventCountry "USA"]
[SourceDate "2010.05.29"]

1. e4 d5 2. exd5 Nf6 3. Nf3 Bg4 4. Be2 Nxd5 5. d4 g6 6. c4 Nb6 7. Bd2 Bg7 8.
Bc3 c6 9. d5 Bxc3+ 10. Nxc3 Bxf3 11. Bxf3 O-O 12. b3 cxd5 13. cxd5 Qc7 14. Rc1
Qe5+ 15. Qe2 N8d7 16. O-O Rac8 17. Qxe5 Nxe5 18. Be2 Rfd8 19. Rfd1 Nxd5 20. Nb5
Rxc1 21. Rxc1 a6 22. Nc3 Nxc3 23. Rxc3 Rd7 24. Re3 Nc6 25. a3 Nd4 26. Bf1 {
missing moves} Ne6 27. Rd3 Rxd3 28. Bxd3 Nc5 29. Be2 Nxb3 30. Bf3 Nc5 {
... remaining moves indecipherable} 0-1

[Event "WA Open Premier"]
[Site "Redmond, WA"]
[Date "2010.05.29"]
[Round "2"]
[White "Ambler, Dennis"]
[Black "Fields, Noah"]
[Result "1-0"]
[WhiteElo "1762"]
[BlackElo "1573"]
[PlyCount "173"]
[EventDate "2010.05.31"]
[EventCountry "USA"]
[SourceDate "2010.05.29"]

1. d4 d5 2. Nf3 Nf6 3. e3 e6 4. Bd3 Be7 5. O-O O-O 6. Nbd2 Nbd7 7. b3 Re8 8.
Bb2 Nf8 9. Ne5 Ng6 10. f4 Bd6 11. e4 dxe4 12. Nxe4 Nd5 13. Nxd6 cxd6 14. Nxg6
Ne3 15. Qe2 Nxf1 16. Bb5 Bd7 17. Bxd7 Qxd7 18. Nh4 Nxh2 19. Kxh2 Qc7 20. Nf3
Rac8 21. Rc1 d5 22. g3 Qa5 23. a4 a6 24. Qd3 f6 25. c4 Rc6 26. c5 Qd8 27. b4
Qb8 28. Kg2 b5 29. a5 Qb7 30. Rh1 g6 31. g4 f5 32. Ne5 Rc7 33. Qh3 Rg7 34. g5
Qc7 35. Qh6 Rf8 36. Rc1 Rc8 37. Kf3 Qe7 38. Ke3 Qf8 39. Rh1 Qe7 40. Kd3 Rc7 41.
Kc3 Rc8 42. Kb3 Rc7 43. Rc1 Kf8 44. c6 Kg8 45. Qh1 Qd6 46. Rc5 Rge7 47. Qc1 Kg7
48. Rc2 Kg8 49. Rh2 Rg7 50. Qc5 Qe7 51. Nd7 Qd8 52. Nf6+ Kh8 53. Qb6 Qc8 54.
Rc2 Rge7 55. Nd7 Kg7 56. Qc5 Qd8 57. Qd6 Rf7 58. Qe5+ Kg8 59. Qxe6 Qe7 60. Qe5
Rc8 61. Nf6+ Kf8 62. Nxd5 Qxe5 63. dxe5 Re7 64. Nxe7 Kxe7 65. c7 Kd7 66. e6+
Kxe6 67. Be5 Kd5 68. Rd2+ Kc6 69. Rd8 Kb7 70. Kc3 Rxc7+ 71. Bxc7 Kxc7 72. Rh8
Kd6 73. Kd4 Ke6 74. Rxh7 Kd6 75. Rh6 Ke7 76. Rxg6 Kf7 77. Rxa6 Ke7 78. Ke5 Kd7
79. Rh6 Ke7 80. Rh7+ Ke8 81. Kd6 Kf8 82. Ke6 Kg8 83. Ra7 Kh8 84. Kf6 Kg8 85.
Rb7 Kh8 86. Kg6 Kg8 87. Rb8# 1-0

[Event "WA Open Premier"]
[Site "Redmond, WA"]
[Date "2010.05.29"]
[Round "2"]
[White "Brendemihl, Steven"]
[Black "Landingin, Jofrel"]
[Result "1/2-1/2"]
[WhiteElo "1646"]
[BlackElo "1796"]
[PlyCount "78"]
[EventDate "2010.05.31"]
[EventCountry "USA"]
[SourceDate "2010.05.29"]

1. e4 c5 2. Nc3 d6 3. g3 Nf6 4. Bg2 g6 5. d3 Bg7 6. Be3 O-O 7. h3 Re8 8. Qd2
Nc6 9. Nge2 a5 10. Bh6 Bh8 11. O-O a4 12. a3 Ra5 13. g4 Nd7 14. Rab1 b5 15. f4
f6 16. Qe1 b4 17. Nd1 Qb6 18. Nf2 Bg7 19. Bxg7 Kxg7 20. Qd2 Rh8 21. Ng3 Nd4 22.
c3 Nb3 23. Qe3 bxa3 24. bxa3 Ba6 25. Ne2 Rb8 26. Nc1 c4 27. Qxb6 Rxb6 28. d4
Bb7 29. Rd1 Rab5 30. Bf1 Na5 31. Rb4 Rxb4 32. cxb4 Nc6 33. Bxc4 Nd8 34. d5 Ba6
35. Bd3 Nf7 36. Ne2 Bxd3 37. Nxd3 Rb7 38. Nd4 Nd8 39. Rc1 Nb6 {
remaining moves unclear} 1/2-1/2

[Event "WA Open Premier"]
[Site "Redmond, WA"]
[Date "2010.05.30"]
[Round "2"]
[White "Buck, Stephen J"]
[Black "Ackerman, Ryan"]
[Result "1-0"]
[WhiteElo "1790"]
[BlackElo "1781"]
[PlyCount "87"]
[EventDate "2010.05.31"]
[EventCountry "USA"]
[SourceDate "2010.05.29"]

1. c4 c5 2. Nc3 Nf6 3. Nf3 d5 4. cxd5 Nxd5 5. g3 Nc7 6. Bg2 Nc6 7. d3 e5 8. O-O
Be7 9. Bd2 O-O 10. Rc1 Rb8 11. Ne4 b6 12. Bc3 f6 13. b3 Nd4 14. Ned2 Bb7 15.
Bb2 Nce6 16. Nc4 Nxf3+ 17. exf3 Nd4 18. Ne3 f5 19. Nc4 Bd6 20. Re1 Qf6 21. Bxd4
cxd4 22. Qe2 Rfe8 23. Nxd6 Qxd6 24. Qd2 f4 25. Rc2 fxg3 26. fxg3 Rf8 27. Qe2
Rbe8 28. Rec1 Re7 29. Rf1 a5 30. Qd1 Ba6 31. Rff2 Rc7 32. Rxc7 Qxc7 33. Rc2 Qd6
34. Qe2 h6 35. Qe4 Rf7 36. Qa8+ Kh7 37. Qxa6 Qb4 38. Re2 Rc7 39. h4 Rc1+ 40.
Kh2 b5 41. Qe6 Qc3 42. Qf5+ Kg8 43. Rxe5 Rc2 44. Re8# 1-0

[Event "WA Open Premier"]
[Site "Redmond, WA"]
[Date "2010.05.30"]
[Round "2"]
[White "Dietsch, Kris"]
[Black "Dawson, Drew"]
[Result "1-0"]
[WhiteElo "1875"]
[BlackElo "1471"]
[PlyCount "62"]
[EventDate "2010.05.31"]
[EventCountry "USA"]
[SourceDate "2010.05.29"]

1. e4 e5 2. Nf3 d5 3. exd5 Bd6 4. Nc3 Nf6 5. Bc4 O-O 6. d3 h6 7. Be3 Bg4 8. Qd2
a6 9. h3 Bh5 10. g4 Bg6 11. O-O-O b5 12. Bb3 b4 13. Ne2 e4 14. Nh4 exd3 15.
cxd3 a5 16. Nxg6 fxg6 17. Rdg1 a4 18. Bc2 a3 19. b3 Nh7 20. Nd4 Qe7 21. h4 Qe5
22. f4 Qe7 23. f5 g5 24. hxg5 Nxg5 25. Bxg5 hxg5 26. Ne6 Re8 27. Qg2 Qf6 28. d4
Na6 29. Qh3 Kf7 30. Qh5+ Ke7 31. Re1 c6 1-0

[Event "WA Open Premier"]
[Site "Redmond, WA"]
[Date "2010.05.29"]
[Round "2"]
[White "Fagundes, Frank"]
[Black "Viswanathan, Abinav"]
[Result "1-0"]
[WhiteElo "1765"]
[BlackElo "1665"]
[PlyCount "105"]
[EventDate "2010.05.31"]
[EventCountry "USA"]
[SourceDate "2010.05.29"]

1. d4 d5 2. c4 c6 3. Nc3 dxc4 4. a4 Nf6 5. e4 e5 6. d5 Bb4 7. Bg5 Qa5 8. Bd2
cxd5 9. exd5 O-O 10. Bxc4 Qc7 11. Qb3 a5 12. Nge2 Na6 13. Bxa6 Rxa6 14. O-O Bg4
15. Nb5 Qd7 16. Bxb4 Bxe2 17. Bxf8 Bxf1 18. Kxf1 Kxf8 19. Qa3+ Ke8 20. d6 Rc6
21. Re1 Qf5 22. d7+ Qxd7 23. Rxe5+ Kd8 24. Nc3 Re6 25. Qf8+ Ne8 26. Rd5 Rd6 27.
Rxd6 Qxd6 28. Qxf7 Qxh2 29. Qxb7 Qc7 30. Qd5+ Ke7 31. Qe4+ Kf7 32. Qxh7 Qc4+
33. Kg1 Qb4 34. Qh5+ g6 35. Qb5 Qxb5 36. axb5 Nd6 37. b6 Ke7 38. f4 Kd7 39. g4
Kc6 40. Na4 Kb5 41. b3 Kb4 42. f5 gxf5 43. g5 Kxb3 44. Nc5+ Kb4 45. Nd3+ Kc3
46. g6 Kxd3 47. g7 Kd4 48. g8=Q Kc5 49. Qb3 a4 50. Qa3+ Kc6 51. b7 Kxb7 52.
Qxd6 Ka7 53. Kf2 1-0

[Event "WA Open Premier"]
[Site "Redmond, WA"]
[Date "2010.05.29"]
[Round "2"]
[White "Gibbon, Brian"]
[Black "Williams, Antonio"]
[Result "1-0"]
[WhiteElo "1763"]
[BlackElo "1365"]
[PlyCount "29"]
[EventDate "2010.05.31"]
[EventCountry "USA"]
[SourceDate "2010.05.29"]

1. d4 Nf6 2. c4 c5 3. Nf3 g6 4. Nc3 Bg7 5. e4 O-O 6. Be2 a6 7. Bg5 Qc7 8. e5
Ne8 9. Bxe7 Nc6 10. Bxf8 Kxf8 11. dxc5 Nxe5 12. Nxe5 Bxe5 13. h3 Qc6 14. O-O
Rb8 15. Re1 {remaining moves indecipherable} 1-0

[Event "WA Open Premier"]
[Site "Redmond, WA"]
[Date "2010.05.29"]
[Round "2"]
[White "Saarenas, Mark"]
[Black "Hua, Daniel"]
[Result "1/2-1/2"]
[WhiteElo "1934"]
[BlackElo "1617"]
[PlyCount "106"]
[EventDate "2010.05.31"]
[EventCountry "USA"]
[SourceDate "2010.05.29"]

1. e4 d5 2. d4 dxe4 3. Nc3 Nf6 4. f3 exf3 5. Nxf3 e6 6. Bc4 Bb4 7. O-O O-O 8.
Bg5 h6 9. Bh4 Nc6 10. Ne4 Be7 11. Nxf6+ Bxf6 12. Bxf6 Qxf6 13. Ne5 Qg5 14. Nf3
Qd8 15. c3 a6 16. a4 b6 17. Qc2 Bb7 18. Rad1 Ne7 19. Ne5 Nd5 20. Rde1 Qg5 21.
Nf3 Qd8 22. Ne5 Qg5 23. Rf3 Qd8 24. Rg3 Nf6 25. Ba2 Nh7 26. Nxf7 Rxf7 27. Bxe6
Qf6 28. Rg6 Qf4 29. Qe2 Raf8 30. Rf1 Qe4 31. Qxe4 Bxe4 32. Rg4 Bd3 33. Rf2 Ng5
34. Bb3 Re8 35. h4 Ne6 36. Rd2 Bf5 37. Rg3 Rf6 38. Re2 Kf7 39. Rge3 Rd8 40. Ba2
c6 41. g3 Rd6 42. Re5 Bg4 43. Re1 Bf3 44. c4 c5 45. d5 Nd4 46. Re7+ Kg6 47.
Bb1+ Nf5 48. Rf1 Bg4 49. Rf4 Kh5 50. Re5 g6 51. Kg2 Rd8 52. Be4 Rdf8 53. Rxg4
g5 (53... g5 54. Bxf5 Rxf5 55. Rxf5 Rxf5 56. Re4 Rf6 57. Re6 {+-}) 1/2-1/2

[Event "WA Open Premier"]
[Site "Redmond, WA"]
[Date "2010.05.29"]
[Round "2"]
[White "Vanmane, Amith"]
[Black "Severson, Kenneth"]
[Result "0-1"]
[WhiteElo "1725"]
[BlackElo "1813"]
[PlyCount "76"]
[EventDate "2010.05.31"]
[EventCountry "USA"]
[SourceDate "2010.05.29"]

1. e4 e5 2. Nf3 Nc6 3. Bb5 a6 4. Ba4 b5 5. Bb3 Nf6 6. Ng5 d5 7. exd5 Nd4 8. O-O
Nxb3 9. axb3 h6 10. Nf3 e4 11. Re1 Be7 12. Ne5 Qxd5 13. d4 O-O 14. Nc3 Qb7 15.
Bf4 Rd8 16. f3 exf3 17. Nxf3 Bb4 18. Re5 Bd6 19. Qd2 Bxe5 20. Nxe5 Ne4 21. Nxe4
Qxe4 22. c3 Bb7 23. Re1 Qd5 24. Qf2 Rd6 25. Ng4 Rg6 26. Ne3 Qxb3 27. Bxc7 Re8
28. Bg3 h5 29. Re2 Qe6 30. Re1 h4 31. Bxh4 Qe4 32. d5 Qd3 33. Bg3 Rf6 34. Qe2
Rxe3 35. Qxe3 Rf1+ 36. Rxf1 Qxe3+ 37. Bf2 Qe4 38. Re1 Qxd5 0-1

[Event "WA Open Premier"]
[Site "Redmond, WA"]
[Date "2010.05.30"]
[Round "2"]
[White "Whitt, Anthony"]
[Black "Phillips, Dan"]
[Result "0-1"]
[WhiteElo "1687"]
[BlackElo "1848"]
[PlyCount "84"]
[EventDate "2010.05.31"]
[EventCountry "USA"]
[SourceDate "2010.05.29"]

1. e4 c5 2. Nc3 a6 3. a4 Nc6 4. f4 e6 5. Nf3 d5 6. d3 Nf6 7. exd5 Nxd5 8. Ne4
Be7 9. Be2 Qc7 10. O-O O-O 11. Nfg5 Nd4 12. c3 Nxe2+ 13. Qxe2 Bd7 14. Bd2 Rad8
15. Qh5 h6 16. Nh3 Nf6 17. Nxf6+ Bxf6 18. Rf3 Bc6 19. Rg3 Rd5 20. Qxh6 Rxd3 21.
Qxf6 Rxg3 22. Qh4 Rxg2+ 23. Kf1 Rxd2 24. Ng5 Rfd8 25. Re1 c4 26. Rxe6 Bg2+ 27.
Ke1 Rd1+ 28. Kf2 Qc5+ 29. Kxg2 Qg1+ 30. Kf3 R8d3+ 31. Ke4 Re1+ 32. Kf5 fxe6+
33. Kg6 Kf8 34. Qh8+ Ke7 35. Qxg7+ Kd6 36. Qf8+ Kc7 37. Qe7+ Rd7 38. Qb4 Re4
39. Qf8 e5 40. Qe8 Rd6+ 41. Kh5 Qd1+ 42. Kh4 Rxf4+ 0-1

[Event "WA Open Premier"]
[Site "Redmond, WA"]
[Date "2010.05.30"]
[Round "3"]
[White "Dawson, Drew"]
[Black "Buck, Stephen J"]
[Result "0-1"]
[WhiteElo "1471"]
[BlackElo "1790"]
[PlyCount "48"]
[EventDate "2010.05.31"]
[EventCountry "USA"]
[SourceDate "2010.05.29"]

1. e4 c5 2. d4 cxd4 3. c3 dxc3 4. Nxc3 a6 5. Bc4 e6 6. Nf3 d6 7. O-O b5 8. Bd5
(8. Bb3 Ra7 9. Be3 Rd7 10. Qe2 Nc6 11. Rac1 Bb7 12. Nxb5 axb5 13. Qxb5 Nge7 14.
Ba4 e5 15. Rfd1 Qa8 16. Qc4 h6 {=}) 8... Ra7 (8... exd5 {!?}) 9. Be3 Rd7 10.
Bb3 (10. Ba8 {!?}) 10... Nf6 11. Qe2 Be7 12. e5 Ng4 13. Nd5 (13. exd6 {!?}) (
13. Ng5 Nxe5 14. Bxe6 Bxg5 15. Bxd7+ Nbxd7 16. Bxg5 Qxg5 17. f4 {+/=}) 13...
exd5 14. exd6 Rxd6 15. Bc5 Re6 16. Be3 Nxe3 17. fxe3 O-O 18. Nd4 Rd6 19. Bc2
Bf6 20. Qd3 g6 21. Nf5 Bxf5 22. Rxf5 Bg7 23. Rh5 Nc6 24. Rf1 Nb4 0-1

[Event "WA Open Premier"]
[Site "Redmond, WA"]
[Date "2010.05.30"]
[Round "3"]
[White "Dietsch, Kris"]
[Black "Viswanathan, Abinav"]
[Result "0-1"]
[WhiteElo "1875"]
[BlackElo "1665"]
[PlyCount "98"]
[EventDate "2010.05.31"]
[EventCountry "USA"]
[SourceDate "2010.05.29"]

1. e4 c5 2. d3 Nc6 3. g3 e5 4. Bg2 Nf6 5. c4 Bd6 6. Nc3 O-O 7. Nge2 h6 8. O-O
Nd4 9. f4 Qe7 10. Nxd4 cxd4 11. Ne2 Bc7 12. b3 Qc5 13. a3 d6 14. b4 Qb6 15. h3
Ne8 16. f5 Bd8 17. g4 Bh4 18. Kh2 Qd8 19. Ng3 Bg5 20. a4 a5 21. b5 Bxc1 22.
Rxc1 b6 23. Qf3 Qg5 24. Ne2 Nf6 25. Qg3 Qd2 26. Qf3 Qg5 27. Ng3 Nh7 28. Qf2 Bd7
29. Bf3 g6 30. Ne2 Qe7 31. h4 Kh8 32. Rh1 Rab8 33. Rcg1 Rg8 34. Rg2 g5 35. Kg1
f6 36. Kf1 Kg7 37. Ng1 Rh8 38. Nh3 Rbg8 39. hxg5 hxg5 40. Ng1 Nf8 41. Rgh2 Rh7
42. Rxh7+ Nxh7 43. Qh2 Rh8 44. Qh6+ Kg8 45. Ne2 Qg7 46. Ng3 Nf8 47. Qxh8+ Qxh8
48. Rxh8+ Kxh8 49. Nh5 Nh7 {time (g/60)} 0-1

[Event "WA Open Premier"]
[Site "Redmond, WA"]
[Date "2010.05.30"]
[Round "3"]
[White "Fields, Noah"]
[Black "Saarenas, Mark"]
[Result "0-1"]
[WhiteElo "1573"]
[BlackElo "1934"]
[PlyCount "96"]
[EventDate "2010.05.31"]
[EventCountry "USA"]
[SourceDate "2010.05.29"]

1. e4 e6 2. d4 d5 3. Nd2 Nf6 4. e5 Nfd7 5. Bd3 c5 6. c3 Nc6 7. Ne2 Qb6 8. Nf3
cxd4 9. cxd4 f6 10. exf6 Nxf6 11. O-O Bd6 12. b3 e5 13. dxe5 Nxe5 14. Nxe5 Bxe5
15. Rb1 O-O 16. Be3 Qa5 17. f4 Bd6 18. Qc2 Bd7 19. Nd4 Rac8 20. Qd2 Bb4 21. Qf2
Rce8 22. h3 Ne4 23. Bxe4 Rxe4 24. Qe2 Rfe8 25. Nc2 Bb5 26. Qd1 Bxf1 27. Kxf1
Rxe3 28. Nxe3 Rxe3 29. Qc2 Qc5 30. Qf2 Qb5+ 31. Kg1 Bc5 32. Rf1 Re2 33. Qxc5
Qxc5+ 34. Kh1 Qc2 35. Rg1 Qd2 36. Kh2 Re1 37. Rxe1 Qxe1 38. f5 Qe5+ 39. Kh1
Qxf5 40. a4 d4 41. a5 d3 42. a6 bxa6 43. b4 d2 44. h4 d1=R+ 45. Kh2 Qf4+ 46. g3
Qg4 47. b5 Rd2+ 48. Kh1 Qd1# 0-1

[Event "WA Open Premier"]
[Site "Redmond, WA"]
[Date "2010.05.30"]
[Round "3"]
[White "Hua, Daniel"]
[Black "Fagundes, Frank"]
[Result "0-1"]
[WhiteElo "1617"]
[BlackElo "1765"]
[PlyCount "102"]
[EventDate "2010.05.31"]
[EventCountry "USA"]
[SourceDate "2010.05.29"]

1. e4 c5 2. Nf3 d6 3. d4 cxd4 4. Nxd4 Nf6 5. Nc3 a6 6. a4 Nc6 7. Be2 Bd7 8. Be3
Rc8 9. O-O e6 10. Qd2 Be7 11. f4 Qa5 12. Nb3 Qd8 13. a5 O-O 14. Bb6 Qe8 15. f5
Ne5 16. Qd4 Nc6 17. Qd2 Ne5 18. Qd4 Nfg4 19. h3 Nc6 20. Qd2 Nge5 21. Nd4 Bd8
22. Nxc6 Bxb6+ 23. axb6 Rxc6 24. Qd4 Qd8 25. Bxa6 Rxb6 26. Bd3 Nxd3 27. cxd3
Rxb2 28. Qxd6 exf5 29. exf5 Rxg2+ 30. Kxg2 Bc6+ 31. Qxc6 bxc6 32. Rad1 Qd4 33.
Ne4 Ra8 34. Rf2 Ra3 35. Rf3 Ra2+ 36. Nf2 c5 37. Rc1 h5 38. Rc4 Qd5 39. h4 Rb2
40. Re4 Rb4 41. Rff4 Rxe4 42. dxe4 Qd4 43. Rf3 c4 44. Rg3 c3 45. Rd3 Qe5 46.
Rd5 Qc7 47. Nd3 c2 48. Kf3 c1=Q 49. Nxc1 Qxc1 50. Rd8+ Kh7 51. Re8 Qe1 0-1

[Event "WA Open Premier"]
[Site "Redmond, WA"]
[Date "2010.05.30"]
[Round "3"]
[White "Kolde, Sterling"]
[Black "Shear, Tom"]
[Result "0-1"]
[WhiteElo "1852"]
[BlackElo "1732"]
[PlyCount "60"]
[EventDate "2010.05.31"]
[EventCountry "USA"]
[SourceDate "2010.05.29"]

1. e4 e5 2. Nf3 Nc6 3. Nc3 Nf6 4. Nxe5 Nxe5 5. d4 Ng6 6. e5 Ng8 7. Bc4 Bb4 (
7... d5 {!} 8. Bxd5 N8e7 {=/+ [Rybka]}) 8. Qf3 Qe7 9. O-O Bxc3 10. bxc3 Nh6 $15
11. Bxh6 $146 gxh6 12. Qe3 d5 13. Bxd5 c6 14. Bb3 Bd7 15. d5 cxd5 16. Bxd5 Be6
17. c4 O-O 18. f4 Bf5 19. Rab1 b6 20. Bxa8 Rxa8 21. Rf2 Rc8 22. Qe2 Qc5 23. g4
Be6 24. f5 Bxc4 25. Qd2 Nxe5 26. Qf4 Be2 27. Rb3 Bc4 28. Rh3 Rc6 29. Rxh6 Rxh6
30. Qxh6 Qxf2+ 0-1

[Event "WA Open Premier"]
[Site "Redmond, WA"]
[Date "2010.05.30"]
[Round "3"]
[White "Lamb, Anthony"]
[Black "Saidy, Jawid"]
[Result "1-0"]
[WhiteElo "1700"]
[BlackElo "1786"]
[PlyCount "80"]
[EventDate "2010.05.31"]
[EventCountry "USA"]
[SourceDate "2010.05.29"]

1. e4 e5 2. Nf3 Nc6 3. Bb5 Bc5 4. Bxc6 dxc6 5. O-O Bg4 6. d3 Nf6 7. h3 Bh5 8.
Nbd2 Qe7 9. Nc4 O-O-O 10. Qe2 Rhg8 11. Be3 g5 12. Bxc5 Qxc5 13. Qe3 Qxe3 14.
fxe3 g4 15. hxg4 Nxg4 16. Nfxe5 Nxe5 17. Nxe5 Rg3 18. Kf2 Rdg8 19. Rg1 f6 20.
Nf3 Bf7 21. Nd4 R3g5 22. Nf5 Kd7 23. Nh6 R8g7 24. Nxf7 Rxf7 25. Raf1 Rfg7 26.
g3 Ke6 27. Rg2 Ke5 28. Rh1 f5 29. Rh4 Rg4 30. exf5 Kxf5 31. Rxg4 Kxg4 32. Rh2
Rf7+ 33. Kg2 Kf5 34. Rh4 Ke5 35. Rf4 Rg7 36. Rh4 Rf7 37. Re4+ Kd5 38. Rh4 Ke5
39. Rh5+ Ke6 40. e4 Kd6 1-0

[Event "WA Open Premier"]
[Site "Redmond, WA"]
[Date "2010.05.30"]
[Round "3"]
[White "Phillips, Dan"]
[Black "Rompogren, Michael"]
[Result "1/2-1/2"]
[WhiteElo "1848"]
[BlackElo "1792"]
[PlyCount "59"]
[EventDate "2010.05.31"]
[EventCountry "USA"]
[SourceDate "2010.05.29"]

1. e4 g6 2. d4 Bg7 3. Nc3 d6 4. f4 c6 5. Nf3 Nf6 6. Bd3 O-O 7. O-O Bg4 8. h3
Bd7 9. Be3 Nh5 10. Qe1 Qc8 11. g4 Nf6 12. e5 Nd5 13. Nxd5 cxd5 14. Qh4 Nc6 15.
c3 f6 16. exd6 exd6 17. Rf2 Na5 18. Re1 Nc4 19. Bc1 Re8 20. Rfe2 Rxe2 21. Rxe2
Qf8 22. f5 g5 23. Bxg5 fxg5 24. Nxg5 h6 25. Ne6 Qf6 26. Qxf6 Bxf6 27. Nc7 Rc8
28. Nxd5 Kf7 29. Kf2 Re8 30. Rxe8 {missing move(s); drawn on move 38.} 1/2-1/2